| 000 | 00768nam a2200301Ia 4500 | ||
|---|---|---|---|
| 008 | 160803s9999 xx 000 0 und d | ||
| 020 | _a0 679866957 | ||
| 100 | _aPark, Barbara | ||
| 245 | _aJunie B. Jones and that meanie Jim's birthday / | ||
| 245 | _cby Barbara Park ; illustrated by Denise Brunkus. | ||
| 260 | _aNew York : | ||
| 260 | _bScholastic Inc. | ||
| 260 | _c1996 | ||
| 300 | _a85 pages : | ||
| 300 | _billustrations ; | ||
| 300 | _c20 cm. | ||
| 440 | _aJunie B. Jones series ; | ||
| 440 | _vbk. 6. | ||
| 650 | _aBehavior -- | ||
| 650 | _aGrandfathers -- | ||
| 650 | _aKindergarten -- | ||
| 650 | _aSchools -- | ||
| 650 | _xFiction. | ||
| 650 | _xFiction. | ||
| 650 | _xFiction. | ||
| 650 | _xFiction. | ||
| 700 | _a370 | ||
| 999 |
_c298772 _d298772 |
||